Bilecik Bilecik Bilecik Bilecik Bilecik

Osmanlı'da para ve finansal kredi : (Record no. 5632)

MARC details
000 -BAŞLIK
Sabit Uzunluktaki Kontrol Alanı 01227nam a22003497a 4500
001 - KONTROL NUMARASI
Control Dosyası 0005651
003 - KONTROL NUMARASI KİMLİĞİ
Kontrol Alanı KOHA_MİRAKIL
005 - EN SON İŞLEM TARİHİ ve ZAMANI
Kontrol Alanı 20260207001453.0
007 - FİZİKSEL TANIM SABİT ALAN - GENEL BİLGİ
Sabit uzunluklu kontrol alanı ta
008 - SABİT UZUNLUKTAKİ VERİ ÖGELERİ - GENEL BİLGİ
Sabit Alan 090619b2008 tu |||gr||||#0|||0|tur |
020 ## - ISBN - ULUSLARARASI STANDART KİTAP NUMARASI
Isbn 9789751943729
Kullanılabilirlik koşulları 0,01
040 ## - KATALOGLAMA KAYNAĞI
Özgün Kataloglama Kurumu TR-BiSEU
Kataloglama Dili tur
Çeviri Kurumu TR-BiSEU
Açıklama Kuralları rda
041 0# - DİL KODU
Metin ya da ses kaydının dil kodu tur
044 ## - YAYINLAYAN/ÜRETEN KURULUŞUN ÜLKE KODU
ISO country code tu
050 ## - SINIFLAMA ve YER NUMARASI
Sınıflama Numarası HG1206.5
Yer Numarası .F47 2008
100 1# - KİŞİ ADI
Yazar Adı (Kişi adı) Ferid, Hasan.
245 1# - ESER ADI BİLDİRİMİ
Başlık Osmanlı'da para ve finansal kredi :
Alt Eseradı vb. bankacılık /
Sorumluluk Bildirimi Hasan Ferid ; Hasan Ferid; editör Mehmet Hakan Sağlam.
264 #1 - ÜRERİM, YAYIN, DAĞITIM ve TELİF BİLDİRİMİ
Yayın yeri Ankara :
Yayınlayan Başbakanlık Hazine Müsteşarlığı
Yayın tarihi 2008
300 ## - FİZİKSEL TANIMLAMA
Sayfa, Cilt vb. 3 c.
336 ## - İÇERİK TÜRÜ
Content type term metin
Content type code txt
Source rdacontent
337 ## - MEDYA TÜRÜ
Media type term aracısız
Media type code n
Source rdamedia
338 ## - TAŞIYICI TÜRÜ
Carrier type term cilt
Carrier type code nc
Source rdacarrier
490 1# - DİZİ BİLDİRİMİ
Dizi Bildirimi Başbakanlık Hazine Müsteşarlığı Darphane ve Damga Matbaası Genel Müdürlüğü Yayınları ;
Cilt Numarası no.
490 1# - DİZİ BİLDİRİMİ
Dizi Bildirimi 2.
500 ## - GENEL NOT
Genel Not Dizin var.
650 #0 - KONU BAŞLIĞI EK GİRİŞ - KONU TERİMİ
Konusal terim veya coğrafi ad Finans--Türkiye--Tarih.
9 (RLIN) 13646
650 #0 - KONU BAŞLIĞI EK GİRİŞ - KONU TERİMİ
Konusal terim veya coğrafi ad Bankacılık--Tarih--Osmanlı--Osmanlı'da bankacılık.
9 (RLIN) 13647
830 1# - SERİ EK GİRİŞİ - TEKBİÇİM ESER ADI
Tekbiçim Başlık Başbakanlık Hazine Müsteşarlığı Darphane ve Damga Matbaası Genel Müdürlüğü Yayınları ;
Volume number/sequential designation no.
9 (RLIN) 13648
830 1# - SERİ EK GİRİŞİ - TEKBİÇİM ESER ADI
Tekbiçim Başlık 2.
9 (RLIN) 5554
907 ## - LOCAL DATA ELEMENT G, LDG (RLIN)
a Ekonomi
942 ## - EK GİRİŞ ÖGELERİ (KOHA)
Source of classification or shelving scheme Library of Congress Classification
Koha item type Book
Holdings
Materyal Türü Kalıcı Konum Mevcut Konum Raf Yeri Sınıflandırma Kaynağı Edinim Bilgisi Ana Konular Alt Konular Yer Numarası Cilt Bilgisi Demirbaş Numarası Fatura Tarihi Geri Çekilme Durumu Kayıp Durumu Hasarlı Durumu Kredi için değil Kayıt Tarih Toplam Ödünçverme Son Görülme Tarihi Son Kontrol Tarihi Genel / Bağış Notu
Book Prof. Dr. Azmi Özcan Kütüphanesi Prof. Dr. Azmi Özcan Kütüphanesi Uluğbey Salonu Library of Congress Classification Bağış SOSYAL BİLİMLER Finans HG1206.5 .F47 2008 c.3 0005651 13/08/2010         19/06/2009 3 05/12/2024 05/12/2024 Genel Bağış